header

Sticky knowledge (Record no. 157872)

MARC details
000 -LEADER
fixed length control field 01355nam a22003494a 4500
082 04 - DEWEY DECIMAL CLASSIFICATION NUMBER
Classification number 658.4/038
100 1# - MAIN ENTRY--AUTHOR NAME
Personal name Szulanski, Gabriel.
245 10 - TITLE STATEMENT
Title Sticky knowledge
260 ## - PUBLICATION, DISTRIBUTION, ETC. (IMPRINT)
Place of publication London ;
-- Thousand Oaks :
Name of publisher Sage Publications,
Year of publication 2003.
300 ## - PHYSICAL DESCRIPTION
Number of Pages x, 139 p. :
Other physical details ill.
490 1# - SERIES STATEMENT
Series statement Sage strategy series
650 #0 - SUBJECT ADDED ENTRY--TOPICAL TERM
Topical Term Knowledge management.
Topical Term Organizational learning.
Topical Term Communication in organizations.
Topical Term Interorganizational relations.
856 40 - ELECTRONIC LOCATION AND ACCESS
Uniform Resource Identifier http://site.ebrary.com/lib/rucke/Doc?id=10080955

No items available.

© 2026 Rongo University
Contact us: librarian | system librarian | Rongo university